Introduction to materials management
For courses in Materials Management, Production and Inventory Control, and Logistics taught in business and industrial technology departments of community colleges and universities.
Na minha lista:
| Autor principal: | |
|---|---|
| Formato: | Livro |
| Idioma: | Undetermined |
| Publicado em: |
New Jersey
Pearson
1998
|
| Assuntos: | |
| Tags: |
Adicionar Tag
Sem tags, seja o primeiro a adicionar uma tag!
|
| Thư viện lưu trữ: | Trung tâm Học liệu Trường Đại học Cần Thơ |
|---|
| LEADER | 00682nam a2200193Ia 4500 | ||
|---|---|---|---|
| 001 | CTU_191867 | ||
| 008 | 210402s9999 xx 000 0 und d | ||
| 082 | |a 658.7 | ||
| 082 | |b A752 | ||
| 100 | |a Arnold, J. R. Tony | ||
| 245 | 0 | |a Introduction to materials management | |
| 245 | 0 | |c .R. Tony Arnold | |
| 260 | |a New Jersey | ||
| 260 | |b Pearson | ||
| 260 | |c 1998 | ||
| 520 | |a For courses in Materials Management, Production and Inventory Control, and Logistics taught in business and industrial technology departments of community colleges and universities. | ||
| 650 | |a Materials management. | ||
| 904 | |i Tuyến | ||
| 980 | |a Trung tâm Học liệu Trường Đại học Cần Thơ | ||